<?xml version="1.0" encoding="UTF-8"?>
<record
    xmlns:xsi="http://www.w3.org/2001/XMLSchema-instance"
    xsi:schemaLocation="http://www.loc.gov/MARC21/slim http://www.loc.gov/standards/marcxml/schema/MARC21slim.xsd"
    xmlns="http://www.loc.gov/MARC21/slim">

  <leader>04048cam a22004934a 4500</leader>
  <controlfield tag="001">15295831</controlfield>
  <controlfield tag="003">OSt</controlfield>
  <controlfield tag="005">20210414114449.0</controlfield>
  <controlfield tag="008">080509s2008    caua     b    001 0 eng  </controlfield>
  <datafield tag="010" ind1=" " ind2=" ">
    <subfield code="a">  2008021038</subfield>
  </datafield>
  <datafield tag="015" ind1=" " ind2=" ">
    <subfield code="a">GBA876694</subfield>
    <subfield code="2">bnb</subfield>
  </datafield>
  <datafield tag="016" ind1="7" ind2=" ">
    <subfield code="a">101473526</subfield>
    <subfield code="2">DNLM</subfield>
  </datafield>
  <datafield tag="016" ind1="7" ind2=" ">
    <subfield code="a">014641910</subfield>
    <subfield code="2">Uk</subfield>
  </datafield>
  <datafield tag="020" ind1=" " ind2=" ">
    <subfield code="a">9780787996147 (hdbk.)</subfield>
  </datafield>
  <datafield tag="020" ind1=" " ind2=" ">
    <subfield code="a">0787996149 (hdbk.)</subfield>
  </datafield>
  <datafield tag="035" ind1=" " ind2=" ">
    <subfield code="a">(OCoLC)ocn225874161</subfield>
  </datafield>
  <datafield tag="035" ind1=" " ind2=" ">
    <subfield code="a">(OCoLC)225874161</subfield>
  </datafield>
  <datafield tag="040" ind1=" " ind2=" ">
    <subfield code="a">DNLM/DLC</subfield>
    <subfield code="c">DLC</subfield>
    <subfield code="d">NLM</subfield>
    <subfield code="d">BTCTA</subfield>
    <subfield code="d">BAKER</subfield>
    <subfield code="d">UKM</subfield>
    <subfield code="d">YDXCP</subfield>
    <subfield code="d">OCLCG</subfield>
    <subfield code="d">C#P</subfield>
    <subfield code="d">BWX</subfield>
    <subfield code="d">COU</subfield>
    <subfield code="d">CDX</subfield>
    <subfield code="d">DLC</subfield>
  </datafield>
  <datafield tag="042" ind1=" " ind2=" ">
    <subfield code="a">pcc</subfield>
  </datafield>
  <datafield tag="050" ind1="0" ind2="0">
    <subfield code="a">RA776.9.H434 </subfield>
  </datafield>
  <datafield tag="082" ind1="0" ind2="0">
    <subfield code="a">613</subfield>
    <subfield code="2">22</subfield>
  </datafield>
  <datafield tag="100" ind1=" " ind2=" ">
    <subfield code="a">Glanz, Karen.</subfield>
  </datafield>
  <datafield tag="245" ind1="0" ind2="0">
    <subfield code="a">Health behavior and health education :Theory, research, and practice. /</subfield>
    <subfield code="c">Karen Glanz</subfield>
  </datafield>
  <datafield tag="250" ind1=" " ind2=" ">
    <subfield code="a">4th ed.</subfield>
  </datafield>
  <datafield tag="260" ind1=" " ind2=" ">
    <subfield code="a">San Francisco:</subfield>
    <subfield code="b">Jossey-Bass,</subfield>
    <subfield code="c">2008.</subfield>
  </datafield>
  <datafield tag="300" ind1=" " ind2=" ">
    <subfield code="a">xxxiii,552p. :</subfield>
    <subfield code="b">ill.;</subfield>
    <subfield code="c">25cm.</subfield>
  </datafield>
  <datafield tag="500" ind1=" " ind2=" ">
    <subfield code="a">Includes bibliographical references and indexes.</subfield>
  </datafield>
  <datafield tag="505" ind1="0" ind2=" ">
    <subfield code="a">Contents: Health education and health behavior: The foundations -- The scope of health behavior and health education -- Theory, research, and practice in health behavior and health education.</subfield>
  </datafield>
  <datafield tag="505" ind1="0" ind2=" ">
    <subfield code="a">Part two: Models of individual health behavior / Barbara K. Rimer -- The health belief model / Victoria L. Champion and Celette Sugg Skinner -- Theory of reasoned action, theory of planned behavior, and the integrated behavioral model / Daniel E. Monta&#xF1;o and Danuta Kasprzyk -- The transtheoretical model and stages of change / James O. Prochaska, Colleen A. Redding, and Kerry E. Evers -- The precaution adoption process model / Neil D. Weinstein, Peter M. Sandman, and Susan J. Blalock -- Perspectives on health behavior theories that focus on individuals / Noel T. Brewer and Barbara K. Rimer --</subfield>
  </datafield>
  <datafield tag="505" ind1="0" ind2=" ">
    <subfield code="a">Part three: Models of interpersonal health behavior -- How individuals, environments, and health behaviors interact: social cognitive theory / Alfred L. McAlister, Cheryl L. Perry, and Guy S. Parcel -- Social networks and social support / Catherine A. Heaney and Barbara A. Israel -- Stress, coping, and health behavior / Karen Glanz and Marc D. Schwartz -- Key interpersonal functions and health outcomes: lessons from theory and research on clinician-patient communication / Richard L. Street Jr. and Ronald M. Epstein -- Perspectives on models of interpersonal health behavior / K. Viswanath --</subfield>
  </datafield>
  <datafield tag="505" ind1="0" ind2=" ">
    <subfield code="a">Part four: Community and group models of health behavior change / Karen Glanz -- Improving health through community organization and community building / Meredith Minkler, Nina Wallerstein, and Nance Wilson -- Diffusion of innovations / Brian Oldenburg and Karen Glanz -- Mobilizing organizations for health promotion: theories of organizational change / Frances Dunn Butterfoss, Michelle C. Kegler, and Vincent T. Francisco -- Communication theory and health behavior change: the media studies framework / John R. Finnegan Jr. and K. Viswanath -- Perspectives on group, organization, and community interventions / Michelle C. Kegler and Karen Glanz --</subfield>
  </datafield>
  <datafield tag="505" ind1="0" ind2=" ">
    <subfield code="a">Part five: Using theory in research and practice -- Using the precede-proceed model to apply health behavior theories / Andrea Carson Gielen ... [et al.] -- Social marketing / J. Douglas Storey, Gary B. Saffitz, and Jose G. Rim&#xF3;n -- Ecological models of health behavior / James F. Sallis, Neville Owen, and Edwin B. Fisher -- Evaluation of theory-based interventions / Russell E. Glasgow and Laura A. Linnan -- Perspectives on using theory: past, present, and future / Karen Glanz and Barbara K. Rimer.</subfield>
  </datafield>
  <datafield tag="650" ind1=" " ind2="0">
    <subfield code="a">Health behavior.</subfield>
  </datafield>
  <datafield tag="650" ind1=" " ind2="0">
    <subfield code="a">Health education.</subfield>
  </datafield>
  <datafield tag="650" ind1=" " ind2="0">
    <subfield code="a">Health promotion.</subfield>
  </datafield>
  <datafield tag="650" ind1="1" ind2="2">
    <subfield code="a">Health Behavior.</subfield>
  </datafield>
  <datafield tag="650" ind1="2" ind2="2">
    <subfield code="a">Health Education.</subfield>
  </datafield>
  <datafield tag="700" ind1="1" ind2=" ">
    <subfield code="a">Rimer, Barbara K.</subfield>
  </datafield>
  <datafield tag="700" ind1="1" ind2=" ">
    <subfield code="a">Viswanath, K.</subfield>
  </datafield>
  <datafield tag="856" ind1="4" ind2="1">
    <subfield code="3">Table of contents only</subfield>
    <subfield code="u">http://www.loc.gov/catdir/toc/ecip0818/2008021038.html</subfield>
  </datafield>
  <datafield tag="906" ind1=" " ind2=" ">
    <subfield code="a">7</subfield>
    <subfield code="b">cbc</subfield>
    <subfield code="c">orignew</subfield>
    <subfield code="d">1</subfield>
    <subfield code="e">ecip</subfield>
    <subfield code="f">20</subfield>
    <subfield code="g">y-gencatlg</subfield>
  </datafield>
  <datafield tag="942" ind1=" " ind2=" ">
    <subfield code="2">lcc</subfield>
    <subfield code="c">BK</subfield>
  </datafield>
  <datafield tag="999" ind1=" " ind2=" ">
    <subfield code="c">5565</subfield>
    <subfield code="d">13065</subfield>
  </datafield>
  <datafield tag="952" ind1=" " ind2=" ">
    <subfield code="0">0</subfield>
    <subfield code="1">0</subfield>
    <subfield code="2">lcc</subfield>
    <subfield code="4">0</subfield>
    <subfield code="7">0</subfield>
    <subfield code="a">WIUC-1</subfield>
    <subfield code="b">WIUC-1</subfield>
    <subfield code="c">REF</subfield>
    <subfield code="d">2015-06-25</subfield>
    <subfield code="l">0</subfield>
    <subfield code="o">RA776.9.H434</subfield>
    <subfield code="p">7952/379/15</subfield>
    <subfield code="r">2015-06-25 00:00:00</subfield>
    <subfield code="w">2015-06-25</subfield>
    <subfield code="y">BK</subfield>
  </datafield>
</record>
